Couleurs les plus présentes sur les drapeaux du monde - Statistiques

Statistiques générales
  • Ce quiz a été pris 574 fois
  • Le résultat moyen est 5 sur 8
Statistiques - réponses
Couleur % Correct
1 Rouge
100%
2 Bleu
96%
3 Blanc
89%
4 Vert
81%
5 Jaune
68%
6 Noir
53%
7 Orange
29%
8 Violet
13%
Aucun quiz correspondant
Distribution des résultats
% des personnes avec chaque résultat
Percentile par nombre de réponses
Votre historique - résultats
Vous n’avez pas pris ce quiz